00663nam a22001937a 450000500170000000800410001702000150005805000200007310000240009324500920011725000110020926000440022030000210026449000400028550400280032565000410035370000310039470000440042520240307143104.0230418s sp ||||gr 00| 0 spa|d a847367043404aHX314bB85 19771 aBujarin, Nicolás.13aEl ABC del comunismo c / N. Bujarin, E. Preobrazhenski ; traducción Jesús Pérez. a1a ed. aBarcelona, España :bFontamara,c1977 a380 p. ;c19 cm.0 aDe la Naturaleza de las Cosas. v  aIncluye bibliografías 72lembaComunismozUnión Soviética1 aPreobrazhenski, E.,eautor1 aPérez Magallón, Jesús,etraductor